| 000 | 00479nam a2200181Ia 4500 | ||
|---|---|---|---|
| 005 | 20250423094938.0 | ||
| 008 | 250422s9999 xx 000 0 und d | ||
| 020 | _a9789351119074 | ||
| 050 | _aHV 6025 .R35/ | ||
| 100 | _aG.S. Rajpurohit | ||
| 245 | 0 | _aCriminology principles and concepts | |
| 260 | _aNew Delhi | ||
| 260 | _bRandom Publications | ||
| 260 | _c2016 | ||
| 300 | _a300 p | ||
| 650 | _aCriminology. Criminal anthropology. Punishment. Prisons. | ||
| 942 | _cBK | ||
| 999 |
_c28770 _d28770 |
||